Sésostris Ier et le début de la XIIe dynastie /

محفوظ في:

المؤلف الرئيسي: Favry, Nathalie (مؤلف)

التنسيق: كتاب

اللغة: French

منشور في: Paris : Pygmalion, c2009.

سلاسل: Grands pharaons.

الموضوعات:

الوسوم: إضافة وسم

لا توجد وسوم, كن أول من يضع وسما على هذه التسجيلة!

رقم الطلب: DT85 .F38

LEADER 00947nam a22002777a 4500
003 OSt
005 20260210132555.0
008 260210t2009 fr abf g b 001 0bfre d
020 |a 2756400610 
020 |a 9782756400617 
040 |c ARCE Library 
043 |a f-ua--- 
050 1 4 |a DT85  |b .F38 
100 1 |a Favry, Nathalie,   |e author  |9 29893 
245 1 0 |a Sésostris Ier et le début de la XIIe dynastie /   |c Nathalie Favry. 
264 1 |a Paris :   |b Pygmalion,   |c c2009. 
300 |a 380 pages, [8] pages of plates :   |b illustrations (some color), maps ;   |c 24 cm. 
490 0 |a Grands pharaons. 
500 |a "Karnak, Abydos, la Mer Rouge, la Nubie" -- Cover. 
504 |a Includes bibliographical references (pages 323-[339]) and indexes. 
600 0 0 |a Sesostris  |b I,  |c King of Egypt. 
650 0 |a Pharaohs  |v Biography. 
651 0 |a Egypt  |x History  |y Twelfth Dynasty, ca. 1991-1786 B.C. 
901 |a reviewed 
942 |c BK  |2 lcc 
999 |c 22931  |d 22931